书目信息 |
| 题名: |
踏入山野
|
|
| 作者: | 希克斯 , 鲍威尔 著 ;赵小钊 译 | |
| 分册: | ||
| 出版信息: | 北京 清华大学出版社 2017 |
|
| 页数: | xiii, 230页 | |
| 开本: | 24cm | |
| 丛书名: | ||
| 单 册: | ||
| 中图分类: | G822.4 | |
| 科图分类: | ||
| 主题词: | 越野跑--yue ye pao--教材 | |
| 电子资源: | ||
| ISBN: | 978-7-302-47568-2 | |
| 000 | 01409nam0 2200313 450 | |
| 001 | 012017000754 | |
| 005 | 20180111091659.77 | |
| 010 | @a978-7-302-47568-2@b@dCNY49.00 | |
| 100 | @a20170725d2017 em y0chiy0121 ea | |
| 101 | 1 | @achi@ceng |
| 102 | @aCN@b110000 | |
| 105 | @aa z 000yy | |
| 106 | @ar | |
| 200 | 1 | @a踏入山野@Ata ru shan ye@e越野跑教程@f(美) 梅根·M. 希克斯, 布朗恩·鲍威尔著@g赵小钊译 |
| 210 | @a北京@c清华大学出版社@d2017 | |
| 215 | @axiii, 230页@c图@d24cm | |
| 312 | @a英文题名原文取自版权页 | |
| 314 | @a梅根·M. 希克斯 (Meghan M. Hicks), 越野跑运动员、作家和环保人士, 拥有环境资源方面的硕士学位。布朗恩·鲍威尔 (Bryon Powell), 希克斯的男朋友, iRunFar.com的创办人。赵小钊, 曾翻译《一往无前: 超级马拉松与越野跑指南》《马拉松训练实用指南》等。 | |
| 330 | @a本书提供关于越野跑的训练、准备以及技巧方面的详细指导, 配有精美图片。此外, 还有作者的跑步心得以及感悟。例如在土路、沙地、林地和石头路上跑步的技术, 以及如何根据跑步距离、地形和其他条件选择装备。 | |
| 500 | 10 | @aWhere the road ends : a guide to trail running@mChinese |
| 517 | 1 | @a越野跑教程@Ayue ye pao jiao cheng |
| 606 | 0 | @a越野跑@Ayue ye pao@j教材 |
| 690 | @aG822.4@v5 | |
| 701 | 1 | @a希克斯@Axi ke si@g(Hicks, Meghan M.)@4著 |
| 701 | 1 | @a鲍威尔@Abao wei er@g(Powell, Bryon) |
| 702 | 0 | @a赵小钊@Azhao xiao zhao@4译 |
| 801 | 0 | @aCN@b湖北三新@c20171130@g |
| 905 | @aBZT@dG822.4@e3 | |
| 906 | @dCNY49.00@n5@r1 | |
| 踏入山野:越野跑教程/(美) 梅根·M. 希克斯, 布朗恩·鲍威尔著/赵小钊译.-北京:清华大学出版社,2017 |
| xiii, 230页:图;24cm |
| ISBN 978-7-302-47568-2:CNY49.00 |
| 本书提供关于越野跑的训练、准备以及技巧方面的详细指导, 配有精美图片。此外, 还有作者的跑步心得以及感悟。例如在土路、沙地、林地和石头路上跑步的技术, 以及如何根据跑步距离、地形和其他条件选择装备。 |
| ● |
| 相关链接 |
|
|
|
正题名:踏入山野
索取号:G822.4/3
 
预约/预借
| 序号 | 登录号 | 条形码 | 馆藏地/架位号 | 状态 | 备注 |
| 1 | 846831 | 2000846831 | 第二书库/ [索取号:G822.4/3] | 在馆 | |
| 2 | 846832 | 2000846832 | 第二书库/ [索取号:G822.4/3] | 在馆 | |
| 3 | 846833 | 2000846833 | 第二书库/ [索取号:G822.4/3] | 在馆 |